书目信息 |
| 题名: |
逻辑十九讲
|
|
| 作者: | 阿特金森 著 ;李奇 译 | |
| 分册: | ||
| 出版信息: | 南京 江苏人民出版社 2018 |
|
| 页数: | 197页 | |
| 开本: | 19cm | |
| 丛书名: | ||
| 单 册: | ||
| 中图分类: | B81-49 , B81 | |
| 科图分类: | ||
| 主题词: | 逻辑学--通俗读物 | |
| 电子资源: | ||
| ISBN: | 978-7-214-22139-1 | |
| 000 | 01053nam0 2200253 450 | |
| 001 | 2063594550 | |
| 005 | 20201127174032.49 | |
| 010 | @a978-7-214-22139-1@b精装@dCNY39.80 | |
| 100 | @a20190125d2018 em y0chiy50 ea | |
| 101 | 1 | @achi@ceng |
| 102 | @aCN@b320000 | |
| 105 | @ay z 000yy | |
| 200 | 1 | @a逻辑十九讲@9luo ji shi jiu jiang@b专著@dThe art of logical thinking@f(美)威廉姆·沃克·阿特金森著@g李奇译@zeng |
| 210 | @a南京@c江苏人民出版社@d2018 | |
| 215 | @a197页@d19cm | |
| 330 | @a本书从逻辑学浅显的概念入手,阐述了逻辑学最基本的原则。其中诸如推理、归纳、因果关系、真假命题、是非条件等专业术语,作者都进行了解释,旨在让读者明白逻辑对于日常生活及普通思维、行为方面的价值和意义,并掌握简单的逻辑思维能力和推理能力,以扩展、提高读者的认识面和认知能力。 | |
| 510 | 1 | @aArt of logical thinking@zeng |
| 606 | 0 | @a逻辑学@j通俗读物 |
| 690 | @aB81-49@v5 | |
| 690 | @aB81@v4 | |
| 701 | 0 | @c(美)@a阿特金森@9a te jin sen@c(Atkinson, William Walker)@4著 |
| 702 | 0 | @a李奇@9li qi@4译 |
| 801 | 2 | @aCN@b58marc.cn@c20190216 |
| 905 | @aZUCC@dB81@e13 | |
| 逻辑十九讲=The art of logical thinking/(美)威廉姆·沃克·阿特金森著/李奇译.-南京:江苏人民出版社,2018 |
| 197页;19cm |
| ISBN 978-7-214-22139-1(精装):CNY39.80 |
| 本书从逻辑学浅显的概念入手,阐述了逻辑学最基本的原则。其中诸如推理、归纳、因果关系、真假命题、是非条件等专业术语,作者都进行了解释,旨在让读者明白逻辑对于日常生活及普通思维、行为方面的价值和意义,并掌握简单的逻辑思维能力和推理能力,以扩展、提高读者的认识面和认知能力。 |
| ● |
| 相关链接 |
|
|
|
正题名:逻辑十九讲
索取号:B81/13
 
预约/预借
| 序号 | 登录号 | 条形码 | 馆藏地/架位号 | 状态 | 备注 |
| 1 | 870903 | 2000870903 | 第二书库/ [索取号:B81/13] | 在馆 | |
| 2 | 870904 | 2000870904 | 第二书库/ [索取号:B81/13] | 在馆 | |
| 3 | 870905 | 2000870905 | 第二书库/ [索取号:B81/13] | 在馆 |